|
|
|
|
| LEADER |
00000nam a2200000Ia 4500 |
| 003 |
000420 |
| 005 |
20221231143956.0 |
| 008 |
140114s1975 c a 000 ||s d |
| 040 |
|
|
|c cru CEDI
|
| 082 |
|
|
|a 627 Q5a
|
| 100 |
|
|
|a Quesada Mateo, Carlos A
|9 18860
|
| 245 |
|
|
|a El agua: el verdadero petroleo de Costa Rica : deliberaciones sobre el Oleoducto Interamericano.
|
| 260 |
|
|
|a [San José , Costa Rica]
|c 1975
|
| 300 |
|
|
|a 23 páginas ; ilustraciones
|
| 500 |
|
|
|a A la cabeza de la portada Universidad de Costa Rica. Facultad de Ingeniería. Escuela de Ingeniería Civil
|
| 650 |
|
|
|x AGUA
|9 18862
|
| 942 |
|
|
|2 ddc
|
| 999 |
|
|
|c 15055
|d 15055
|